Music Quiz

Random Music or Song Quiz

ABCD in Music Quiz Stats

 Plays Quiz Updated Oct 21, 2017

Challenge
Share
Tweet
Embed
Score 0/35 Timer 04:00
2 Plays Today
Question Answer Wrong Answers
Blues singer King, known from 'The Thrill is Gone'. (1/2) B
88.5%
A
7.5%
C
1.6%
D
1%
Digital sound storage that can be read by laser. (2/2) D
87.8%
A
2%
B
1%
C
5.1%
Blues singer King, known from 'The Thrill is Gone'. (2/2) B
87%
A
4.5%
C
3.6%
D
2.2%
Digital sound storage that can be read by laser. (1/2) C
85.2%
A
4.6%
B
2%
D
5.1%
Swedish formation that won the 1974 Eurovision Song Contest. (4/4) A
83.7%
B
0.5%
C
0.6%
D
0.4%
Swedish formation that won the 1974 Eurovision Song Contest. (2/4) B
82.9%
A
0.6%
C
1.3%
D
0.7%
Swedish formation that won the 1974 Eurovision Song Contest. (1/4) A
82.5%
B
1.6%
C
0.6%
D
0.9%
1987 hit song and album by Michael Jackson. (3/3) D
81.8%
A
1.1%
B
1.5%
C
2.2%
____ O'Riley, 1971 hit song by The Who. (2/4) A
81.2%
B
1.4%
C
0.7%
D
0.5%
Australian rock band featuring Angus and Malcolm Young (3/4) D
80.5%
A
1.7%
B
0.9%
C
1%
Swedish formation that won the 1974 Eurovision Song Contest. (3/4) B
79.9%
A
2.9%
C
2%
D
0.6%
____ O'Riley, 1971 hit song by The Who. (4/4) A
79.5%
B
2.7%
C
0.6%
D
0.6%
Australian rock band featuring Angus and Malcolm Young (4/4) C
79.4%
A
3.4%
B
0.8%
D
0.5%
Australian rock band featuring Angus and Malcolm Young (2/4) C
78.4%
A
0.8%
B
3%
D
1.9%
Australian rock band featuring Angus and Malcolm Young (1/4) A
77.6%
B
2.8%
C
1.8%
D
2.1%
1987 hit song and album by Michael Jackson. (2/3) A
76.1%
B
4.2%
C
4.3%
D
2.3%
____ O'Riley, 1971 hit song by The Who. (1/4) B
75.7%
A
2%
C
2.8%
D
3.3%
Jazz singer Calloway, known from 'Minnie the Moocher'. (2/3) A
75.7%
B
3.6%
C
3.1%
D
1.3%
____ O'Riley, 1971 hit song by The Who. (3/4) B
75.1%
A
1%
C
2.1%
D
5.3%
1981 hit song and album by Genesis (5/6) A
69.3%
B
2.6%
C
2.7%
D
3.6%
'80 band known for songs as 'Poison Arrow' and 'The Look of Love'. (3/3) C
68.3%
A
6.4%
B
6.6%
D
3.7%
Jazz singer Calloway, known from 'Minnie the Moocher'. (3/3) B
67.1%
A
1%
C
1.5%
D
13.9%
Jazz singer Calloway, known from 'Minnie the Moocher'. (1/3) C
66.5%
A
4.5%
B
6.8%
D
6.2%
'80 band known for songs as 'Poison Arrow' and 'The Look of Love'. (1/3) A
63.9%
B
12.4%
C
6.4%
D
3.6%
1987 hit song and album by Michael Jackson. (1/3) B
62.7%
A
21.9%
C
1%
D
1.9%
1981 hit song and album by Genesis (2/6) B
58.1%
A
2.2%
C
9.4%
D
8.9%
Unit of volume, often used for music output (2/2) B
57.2%
A
6.7%
C
20.7%
D
3.2%
'80 band known for songs as 'Poison Arrow' and 'The Look of Love'. (2/3) B
56.1%
A
3.5%
C
21.2%
D
4.8%
1981 hit song and album by Genesis (3/6) A
56%
B
8.1%
C
12.4%
D
2%
1981 hit song and album by Genesis (4/6) C
52.3%
A
2.4%
B
11%
D
12.6%
Unit of volume, often used for music output (1/2) D
50.8%
A
27.7%
B
6%
C
4.5%
1981 hit song and album by Genesis (1/6) A
48.1%
B
14.8%
C
9.3%
D
6.6%
1981 hit song and album by Genesis (6/6) B
43.3%
A
4.2%
C
3.7%
D
26.8%
Musical notation that indicates 'from the top' (2/2) C
39.7%
A
26.3%
B
13.5%
D
10%
Musical notation that indicates 'from the top' (1/2) D
22.4%
A
52.6%
B
6.3%
C
9.3%

You're not logged in!

Compare scores with friends on all Sporcle quizzes.
OR
Log In

You Might Also Like...

Show Comments

Extras

Top Quizzes Today


Score Distribution

Your Account Isn't Verified!

In order to create a playlist on Sporcle, you need to verify the email address you used during registration. Go to your Sporcle Settings to finish the process.

Report this User

Report this user for behavior that violates our Community Guidelines.

Details: